00459nam a2200121 a 450000500170000000800410001705000210005810000280007924501170010726000750022430000140029965000240031320140408090127.0060725s19uu xx 00 eng d aPHS '06bC22 #14 aCaronongan, R. Aliza P. aEffects of the "Da Vinci Code" on the strength of faith of selected Christian readers /cR. Aliza P. Caronongan. aLas Pinas City :bSouthville International School and Colleges,c2006. a44 leaves aDescriptive method.